Postrádame kursovou politiku? Dopad přizpůsobení běžného účtu na obchodovatelný a neobchodovatelný sektor v měnové unii

Priebeh portugalskej vonkajšej nerovnováhy a jej korekcia. Charakteristika portugalskej ekonomiky. Vývoj menového kurzu v súvislosti s vonkajšou nerovnováhou. Prispôsobenie deficitu bežného účtu a neobchodovateľný sektor.

Salvato in:
Dettagli Bibliografici
Autore principale: Šindel, Jaromír
Natura: Capitolo di libro
Lingua:ceco
Soggetti:
Tags: Aggiungi Tag
Nessun Tag, puoi essere il primo ad aggiungerne!!

MARC

LEADER 00000naa$a2200000$$$4500
001 0059176
005 20231019131138.0
041 0 |a cze 
044 |a CZ 
245 1 0 |a Postrádame kursovou politiku? Dopad přizpůsobení běžného účtu na obchodovatelný a neobchodovatelný sektor v měnové unii  |c Jaromír Šindel 
520 |a Priebeh portugalskej vonkajšej nerovnováhy a jej korekcia. Charakteristika portugalskej ekonomiky. Vývoj menového kurzu v súvislosti s vonkajšou nerovnováhou. Prispôsobenie deficitu bežného účtu a neobchodovateľný sektor. 
610 2 0 |a Portugalsko 
610 2 0 |a vývoj hospodársky 
610 2 0 |a politika menová 
610 2 0 |a kurz devízový 
610 2 0 |a nerovnováha hospodárska 
610 2 0 |a eurozóna 
100 1 |a Šindel, Jaromír